[Event "Mittelfranken-chTB2b 1920"]
[Site "Mittelfranken"]
[Date "2020.03.22"]
[Round "8.6"]
[White "Wisura, Timm"]
[Black "Meyer, Robert"]
[Result "1-0"]
[WhiteElo "1836"]
[BlackElo "1704"]
[PlyCount "47"]
[EventDate "2019.10.13"]
[EventType "team-tourn"]
[EventRounds "9"]
[EventCountry "GER"]
[SourceTitle "EXT 2023"]
[Source "ChessBase"]
[SourceDate "2022.10.05"]
[SourceVersion "1"]
[SourceVersionDate "2022.10.05"]
[SourceQuality "1"]
[WhiteTeam "Postbauer Heng II"]
[BlackTeam "Stein SC"]
[WhiteTeamCountry "GER"]
[BlackTeamCountry "GER"]

1. d4 Nf6 2. Bg5 d5 3. e3 Nbd7 4. Bd3 h6 5. Bxf6 exf6 6. f4 Nb6 7. Nd2 c5 8. c3 Bd7 9. Ngf3 Bd6 10. 0-0 c4 11. Bc2 Rc8 12. g3 0-0 13. e4 dxe4 14. Nxe4 Bb8 15. Qd2 Nd5 16. Rae1 b5 17. b3 Bh3 18. Rf2 Qc7 19. b4 g5 20. fxg5 f5 21. Nf6+ Nxf6 22. gxf6 Kh7 23. Ng5+ hxg5 24. Qxg5 1-0

[Event "Nuremberg op"]
[Site "Nuremberg"]
[Date "2019.11.16"]
[Round "2"]
[White "Meyer, Robert"]
[Black "Ulusoy, Tolga"]
[Result "0-1"]
[WhiteElo "1727"]
[BlackElo "2034"]
[PlyCount "108"]
[EventDate "2019.11.15"]
[EventType "swiss"]
[EventRounds "5"]
[EventCountry "GER"]
[SourceTitle "CBM 193 Extra"]
[Source "ChessBase"]
[SourceDate "2020.01.31"]
[SourceVersion "1"]
[SourceVersionDate "2020.01.31"]
[SourceQuality "1"]

1. e4 c5 2. Nf3 d6 3. d4 cxd4 4. Nxd4 Nf6 5. Nc3 g6 6. Bb5+ Bd7 7. Qe2 Bg7 8. Be3 Nc6 9. Nb3 0-0 10. 0-0 a6 11. Bd3 Rc8 12. Rac1 Ne5 13. f3 b5 14. Nd5 Nxd5 15. exd5 Nc4 16. c3 Nxe3 17. Qxe3 Bf6 18. Rc2 Rb8 19. Nd2 Qc7 20. Ne4 Bg7 21. f4 Qb7 22. c4 bxc4 23. Bxc4 Bxb2 24. Bb3 Bg7 25. Rfc1 Rfc8 26. h3 a5 27. Nd2 a4 28. Rxc8+ Rxc8 29. Rxc8+ Qxc8 30. Bc4 Kf8 31. Kh2 Qc5 32. Qxc5 dxc5 33. Ne4 Bd4 34. d6 e6 35. Ng5 h6 36. Nf3 f6 37. g4 g5 38. Kg3 Be3 39. fxg5 hxg5 40. h4 Bf4+ 41. Kh3 gxh4 42. Kxh4 Bxd6 43. g5 fxg5+ 44. Kxg5 Ke7 45. Nh4 Bc6 46. Ng6+ Kd7 47. Kf6 Bd5 48. Bb5+ Kc7 49. Bxa4 Bxa2 50. Ne5 Bd5 51. Bb5 Kb6 52. Bd3 Bxe5+ 53. Kxe5 c4 54. Bc2 Kc5 0-1

[Event "Mittelfranken-ch QT"]
[Site "Nuremberg"]
[Date "2019.04.17"]
[Round "1.3"]
[White "Luther, Helmut"]
[Black "Meyer, Robert"]
[Result "1-0"]
[WhiteElo "2008"]
[BlackElo "1738"]
[PlyCount "63"]
[EventDate "2019.04.17"]
[EventType "swiss"]
[EventRounds "7"]
[EventCountry "GER"]
[SourceTitle "EXT 2022"]
[Source "ChessBase"]
[SourceDate "2021.10.06"]
[SourceVersion "1"]
[SourceVersionDate "2021.10.06"]
[SourceQuality "1"]

1. d4 d5 2. Nf3 Nf6 3. g3 e6 4. Bg2 Be7 5. 0-0 0-0 6. c4 Nbd7 7. b3 Ne4 8. Bb2 c5 9. cxd5 exd5 10. dxc5 Ndxc5 11. b4 Na6 12. a3 Be6 13. Nd4 Nc7 14. Nc3 Nxc3 15. Bxc3 Bf6 16. Rc1 a6 17. e4 dxe4 18. Nxe6 Nxe6 19. Qxd8 Raxd8 20. Bxf6 gxf6 21. Bxe4 Rd7 22. Rfd1 Rfd8 23. Rxd7 Rxd7 24. Rc8+ Kg7 25. Rb8 Nd8 26. Kg2 b5 27. Rb6 Ra7 28. Bf5 Ra8 29. Rd6 Ne6 30. Bxe6 fxe6 31. Rxe6 a5 32. Rb6 1-0

[Event "Mittelfranken-ch QT"]
[Site "Nuremberg"]
[Date "2019.04.17"]
[Round "2.10"]
[White "Meyer, Robert"]
[Black "Ott, Hans1111"]
[Result "0-1"]
[WhiteElo "1738"]
[BlackElo "1475"]
[PlyCount "24"]
[EventDate "2019.04.17"]
[EventType "swiss"]
[EventRounds "7"]
[EventCountry "GER"]
[SourceTitle "EXT 2022"]
[Source "ChessBase"]
[SourceDate "2021.10.06"]
[SourceVersion "1"]
[SourceVersionDate "2021.10.06"]
[SourceQuality "1"]

1. Nf3 Nf6 2. d4 g6 3. Bf4 Bg7 4. e3 d6 5. c3 0-0 6. Bd3 Nbd7 7. Qc2 Nh5 8. Bg3 Ndf6 9. Nbd2 Nd5 10. 0-0-0 c6 11. a3 b5 12. h3 Nxg3 0-1

[Event "Nuremberg Zabo op 20th"]
[Site "Nuremberg"]
[Date "2018.09.15"]
[Round "1"]
[White "Meyer, Robert"]
[Black "Keller, Jan Christopher"]
[Result "0-1"]
[WhiteElo "1684"]
[BlackElo "1232"]
[PlyCount "70"]
[EventDate "2018.09.15"]
[EventType "swiss"]
[EventRounds "5"]
[EventCountry "GER"]
[SourceTitle "EXT 2020"]
[Source "ChessBase"]
[SourceDate "2019.10.17"]
[SourceVersion "1"]
[SourceVersionDate "2019.10.17"]
[SourceQuality "1"]

1. Nf3 c6 2. d4 d5 3. e3 Bf5 4. Bd3 Bxd3 5. Qxd3 Nd7 6. c4 Ngf6 7. 0-0 e6 8. Nbd2 Bd6 9. e4 dxe4 10. Nxe4 Nxe4 11. Qxe4 Nf6 12. Qe2 Qc7 13. h3 0-0-0 14. Be3 h6 15. c5 Be7 16. Ne5 Rdf8 17. a3 Nd5 18. b4 g5 19. Qd2 Rhg8 20. f4 gxf4 21. Bxf4 Nxf4 22. Qxf4 Bg5 23. Qf3 f5 24. Rad1 a6 25. Rfe1 Qg7 26. Nxc6 bxc6 27. Qxc6+ Qc7 28. Qxe6+ Kb7 29. d5 Qg3 30. Qc6+ Kb8 31. Qb6+ Ka8 32. Qxa6+ Kb8 33. Qb6+ Ka8 34. c6 Be3+ 35. Qxe3 Qxg2# 0-1

[Event "Nuremberg Zabo op 19th"]
[Site "Nuremberg"]
[Date "2017.09.17"]
[Round "5"]
[White "Steindl, Horst"]
[Black "Meyer, Robert"]
[Result "0-1"]
[WhiteElo "1261"]
[BlackElo "1646"]
[PlyCount "52"]
[EventDate "2017.09.15"]
[EventType "swiss"]
[EventRounds "5"]
[EventCountry "GER"]
[SourceTitle "EXT 2022"]
[Source "ChessBase"]
[SourceDate "2021.10.06"]
[SourceVersion "1"]
[SourceVersionDate "2021.10.06"]
[SourceQuality "1"]

1. d4 d5 2. Bf4 e6 3. Nf3 Nf6 4. e3 c5 5. Bb5+ Nc6 6. Bxc6+ bxc6 7. c3 Qb6 8. Qc2 Ba6 9. Nbd2 Be7 10. Ne5 0-0 11. Nd3 Nh5 12. Bg3 cxd4 13. exd4 Qb5 14. c4 dxc4 15. Nxc4 Qxc4 16. Qxc4 Bxc4 17. 0-0-0 Bxa2 18. h3 Nxg3 19. fxg3 Bd5 20. Nf4 Bg5 21. h4 Bxf4+ 22. gxf4 Bxg2 23. Rhg1 Be4 24. Rde1 Bf5 25. Re3 h5 26. Reg3 Bg4 0-1

[Event "Zirndorf Cup"]
[Site "Zirndorf"]
[Date "2017.08.30"]
[Round "1"]
[White "King, Alexander"]
[Black "Meyer, Robert"]
[Result "1-0"]
[WhiteElo "2073"]
[BlackElo "1731"]
[PlyCount "49"]
[EventDate "2017.08.30"]
[EventType "swiss"]
[EventRounds "7"]
[EventCountry "GER"]
[SourceTitle "CBM 180 Extra"]
[Source "ChessBase"]
[SourceDate "2017.10.06"]
[SourceVersion "1"]
[SourceVersionDate "2017.10.06"]
[SourceQuality "1"]

1. Nf3 d5 2. e3 e6 3. c4 c6 4. b3 Nf6 5. Bb2 Bd6 6. Nc3 Nbd7 7. Qc2 Ne5 8. Be2 Qc7 9. h3 dxc4 10. bxc4 Bd7 11. 0-0 Nxf3+ 12. Bxf3 0-0 13. d4 Rac8 14. e4 Be7 15. e5 Ne8 16. Rfe1 g6 17. Ne4 f5 18. exf6 Bxf6 19. Bg4 Be7 20. Nc5 Bxc5 21. dxc5 Ng7 22. Rad1 h5 23. Qxg6 Be8 24. Bxe6+ Bf7 25. Qxg7# 1-0

[Event "Mittelfranken Mitte-ch"]
[Site "Nuremberg"]
[Date "2017.01.08"]
[Round "7"]
[White "Leuschner, Guenter"]
[Black "Meyer, Robert"]
[Result "0-1"]
[WhiteElo "1923"]
[BlackElo "1731"]
[PlyCount "102"]
[EventDate "2017.01.05"]
[EventType "swiss"]
[EventRounds "7"]
[EventCountry "GER"]
[SourceTitle "EXT 2018"]
[Source "ChessBase"]
[SourceDate "2017.10.13"]
[SourceVersion "1"]
[SourceVersionDate "2017.10.13"]
[SourceQuality "1"]

1. e4 e6 2. Nf3 d5 3. e5 c5 4. c3 Nc6 5. d4 cxd4 6. cxd4 Bb4+ 7. Nc3 Nge7 8. Bd3 Bd7 9. 0-0 Ng6 10. Qc2 Be7 11. a3 Rc8 12. Be3 Na5 13. Qe2 Nc4 14. Bc1 a6 15. Nd1 Na5 16. Rb1 Nb3 17. Be3 Na5 18. Nd2 0-0 19. b4 Nc6 20. Nb3 a5 21. b5 Ncxe5 22. dxe5 Nxe5 23. Bxh7+ Kxh7 24. Qh5+ Kg8 25. Qxe5 Bxb5 26. Re1 Bf6 27. Qg3 Bd3 28. Rc1 Rxc1 29. Bxc1 Bc2 30. Bb2 d4 31. Nc1 Qb6 32. Nd3 Rc8 33. Qf3 Qb5 34. Bxd4 Bxd4 35. Nf4 Qb3 36. Qe2 Qxa3 37. Nxe6 Bxd1 38. Rxd1 Bf6 39. g4 Rc1 40. g5 Rxd1+ 41. Qxd1 Qa1 42. Qxa1 Bxa1 43. Nc7 a4 44. Nb5 Bb2 45. Kf1 a3 46. Nxa3 Bxa3 47. Ke2 Kf8 48. h4 Ke7 49. f4 Ke6 50. h5 Kf5 51. Kd2 Bd6 0-1

[Event "Nuremberg Zabo op 18th"]
[Site "Nuremberg"]
[Date "2016.09.17"]
[Round "2"]
[White "Meyer, Robert"]
[Black "Adelhardt, Lisa"]
[Result "1-0"]
[WhiteElo "1613"]
[BlackElo "1238"]
[PlyCount "101"]
[EventDate "2016.09.16"]
[EventType "swiss"]
[EventRounds "5"]
[EventCountry "GER"]
[SourceTitle "EXT 2018"]
[Source "ChessBase"]
[SourceDate "2017.10.13"]
[SourceVersion "1"]
[SourceVersionDate "2017.10.13"]
[SourceQuality "1"]

1. d4 e6 2. Nf3 b6 3. g3 Bb7 4. Bg2 Nf6 5. 0-0 Be7 6. c4 d5 7. Nc3 0-0 8. Ne5 c5 9. cxd5 Nxd5 10. dxc5 Bxc5 11. Nxd5 Bxd5 12. Bxd5 Qxd5 13. Qxd5 exd5 14. Nd3 Be7 15. b3 Bf6 16. Rb1 Nc6 17. Bb2 Bxb2 18. Rxb2 Rfe8 19. Rd1 Rad8 20. Nf4 Re5 21. Rbd2 Ne7 22. Kf1 f5 23. Nd3 Re6 24. Nb4 Re5 25. f4 Re6 26. Nxd5 Nxd5 27. Rxd5 Rde8 28. R1d2 g6 29. Rd7 a6 30. Rd8 Rxe2 31. Rxe8+ Rxe8 32. Rd6 Rb8 33. Ke2 a5 34. Kd3 Kf7 35. Rd7+ Kg8 36. Rc7 h6 37. Rc6 Kg7 38. Kc4 b5+ 39. Kc5 a4 40. Rb6 Rxb6 41. Kxb6 axb3 42. axb3 b4 43. Kb5 Kf7 44. Kxb4 Ke7 45. Kc5 Ke6 46. Kc6 g5 47. b4 gxf4 48. gxf4 Kf6 49. Kd6 h5 50. b5 h4 51. h3 1-0

[Event "Pyramiden Franken Cup"]
[Site "Fuerth"]
[Date "2016.09.03"]
[Round "4"]
[White "Lehmann, Patricia"]
[Black "Meyer, Robert"]
[Result "1/2-1/2"]
[WhiteElo "1720"]
[BlackElo "1748"]
[PlyCount "44"]
[EventDate "2016.09.01"]
[EventType "swiss"]
[EventRounds "7"]
[EventCountry "GER"]
[SourceTitle "CBM 174 Extra"]
[Source "ChessBase"]
[SourceDate "2016.10.10"]
[SourceVersion "1"]
[SourceVersionDate "2016.10.10"]
[SourceQuality "1"]

1. d4 d5 2. c4 e6 3. Nc3 Nf6 4. Bg5 Be7 5. Nf3 c6 6. e3 Nbd7 7. cxd5 exd5 8. Qc2 h6 9. Bh4 0-0 10. Bd3 Nb6 11. 0-0 Be6 12. Rac1 Ng4 13. Bxe7 Qxe7 14. h3 Nf6 15. Qe2 Rfe8 16. Rc2 Ne4 17. Re1 Nd7 18. Nd2 Nxd2 19. Qxd2 Qg5 20. Kh2 Bf5 21. Bxf5 Qxf5 22. Kg1 Re6 1/2-1/2

[Event "Mittelfranken-ch QT"]
[Site "Nuremberg"]
[Date "2016.03.24"]
[Round "4"]
[White "Diller, Peter"]
[Black "Meyer, Robert"]
[Result "1-0"]
[WhiteElo "1999"]
[BlackElo "1611"]
[PlyCount "63"]
[EventDate "2016.03.23"]
[EventType "swiss"]
[EventRounds "7"]
[EventCountry "GER"]
[SourceTitle "EXT 2018"]
[Source "ChessBase"]
[SourceDate "2017.10.13"]
[SourceVersion "1"]
[SourceVersionDate "2017.10.13"]
[SourceQuality "1"]

1. e4 e6 2. f4 d5 3. e5 b6 4. d4 Bb7 5. c3 Nd7 6. Nf3 h5 7. Bd3 Be7 8. 0-0 c6 9. f5 Nf8 10. b4 exf5 11. Bxf5 Nh6 12. Bd3 Ne6 13. a4 Qc7 14. Na3 0-0-0 15. c4 Bxb4 16. cxd5 Rxd5 17. Be4 Rd7 18. Bb2 Nc5 19. Qc2 Nxe4 20. Qxe4 c5 21. Qf4 Bxf3 22. Nb5 Qc6 23. Rxf3 Qe6 24. Nd6+ Kd8 25. Qe4 Ke7 26. d5 Qg4 27. Rf4 Qg6 28. Rxf7+ Qxf7 29. Nxf7 Nxf7 30. e6 Ng5 31. Qf5 Nxe6 32. dxe6 1-0

[Event "Mittelfranken Mitte-ch"]
[Site "Zirndorf"]
[Date "2016.01.04"]
[Round "5"]
[White "Herbst, Thomas"]
[Black "Meyer, Robert"]
[Result "1-0"]
[WhiteElo "1846"]
[BlackElo "1568"]
[PlyCount "75"]
[EventDate "2016.01.03"]
[EventType "swiss"]
[EventRounds "7"]
[EventCountry "GER"]
[SourceTitle "EXT 2018"]
[Source "ChessBase"]
[SourceDate "2017.10.13"]
[SourceVersion "1"]
[SourceVersionDate "2017.10.13"]
[SourceQuality "1"]

1. d4 d5 2. c4 e6 3. Nf3 Nf6 4. g3 b6 5. Bg2 Bb7 6. Qa4+ Qd7 7. Qc2 dxc4 8. Qxc4 Bd5 9. Qd3 Nc6 10. 0-0 Rd8 11. e3 Be4 12. Qe2 Bd6 13. Nc3 Bg6 14. Nh4 Bh5 15. Qb5 Nb8 16. Qg5 Bg6 17. Nxg6 hxg6 18. Qb5 Rh5 19. Qxd7+ Kxd7 20. Bf3 Rh7 21. Kg2 g5 22. e4 g4 23. Be2 Rdh8 24. Rh1 e5 25. d5 Ke7 26. Bg5 Nbd7 27. Bxg4 Nc5 28. Be2 Kf8 29. Bxf6 gxf6 30. h4 Rg8 31. Kh3 f5 32. exf5 e4 33. b4 Be5 34. Rac1 e3 35. bxc5 bxc5 36. f4 Rhg7 37. Ne4 Bd6 38. Rc3 1-0

[Event "Mittelfranken Mitte-ch"]
[Site "Zirndorf"]
[Date "2016.01.03"]
[Round "1"]
[White "Meyer, Robert"]
[Black "Wirth, Karl Heinz"]
[Result "1/2-1/2"]
[WhiteElo "1568"]
[BlackElo "1758"]
[PlyCount "45"]
[EventDate "2016.01.03"]
[EventType "swiss"]
[EventRounds "7"]
[EventCountry "GER"]
[SourceTitle "EXT 2018"]
[Source "ChessBase"]
[SourceDate "2017.10.13"]
[SourceVersion "1"]
[SourceVersionDate "2017.10.13"]
[SourceQuality "1"]

1. d4 Nf6 2. Nf3 e6 3. g3 c5 4. e3 Nc6 5. Bg2 d5 6. 0-0 Be7 7. Nbd2 0-0 8. c3 Bd7 9. Re1 cxd4 10. exd4 Qc7 11. Ne5 Nxe5 12. dxe5 Ne8 13. Qg4 f6 14. Qe2 fxe5 15. Qxe5 Qb6 16. Nf3 Nf6 17. Qe2 Rae8 18. Be3 Bc5 19. b4 Bxe3 20. Qxe3 Qxe3 21. Rxe3 Ne4 22. Ne5 Nf6 23. Rae1 1/2-1/2